| 000 | 00405nam a2200109Ia 4500 | ||
|---|---|---|---|
| 008 | 160909s9999 xx 000 0 und d | ||
| 100 | _aVergara, Mariana Ines | ||
| 245 | _aMindfulness into action: Transformational learning through collaborative inquiry | ||
| 260 |
_bTeachers College, Columbia University _c2016 |
||
| 650 | _aPSYCHOLOGY | ||
| 856 | _uhttp://pqdtopen.proquest.com/doc/1766581520.html?FMT=ABS | ||
| 999 |
_c304076 _d304076 |
||